000 00322 a2200133 4500
000 nam a22 7a 4500
100 _aJaat, Kamlesh
110 _aJaat, Kamlesh
245 _aBadhir badhirta our sampreshan vikalp
250 _aLatest edition
260 _bV R Books
_c2025
264 _bV R Books
_c2025
942 _cBK
999 _c393822
_d393822